000 00921cam a2200205 4500
001 WB3838-20
008 021015n2002 000 0 eng u
035 _a(Sirsi) u120081
245 _aScottish canal culture
260 _c2002
490 _aScottish Executive News Release
_v(SEET141/2002) 11 October 2002, (3)
520 _aThe first policy document discussing the future of Scotland's historic canals has been published. "Scotland's canals: an asset for the future" aims to raise awareness of the waterways and to encourage economic regeneration through the development of a canal culture. Document is available at http://www.scotland.gov.uk/library5/environment/scaf-00.asp. http://www.scotland.gov.uk/pages/news/2002/10/SEET141.aspx
590 _aWB
650 _aCANALS
650 _aSCOTLAND
650 _aWATERWAYS
650 _aREGENERATION
690 _aTRANSPORT AND COMMUNICATIONS
942 _n0
999 _c71348
_d71348